00473nam a2200145 i 4500001000300000100002400003245008200027260002100109700002400130040000800154041000800162080001900170008004100189856009700230bg1 aKENDALL, Maurice G. 0aSłownik terminów statystycznych /cMaurice G. Kendall, Wiliam R. Buckland. aWarszawa,c1975.1 aBUCKLAND, Wiliam R. cBPK apol a311+519.2](03) s pl f |000 0 pol  uhttp://koha.tu.koszalin.pl/cgi-bin/koha/opac-detail.pl?biblionumber=6647yKatalog online BPK